Zenit St. Petersburg Squad 2024-2025 - Statistics

General Stats
  • This quiz has been taken 17 times
  • The average score is 20 of 32
Answer Stats
# Position Nation Player % Correct
3 DF Brazil Douglas Santos
92%
11 MF Brazil Claudinho
83%
28 DF Kazakhstan Nuraly Alip
83%
- Coach Russia Sergey Semak
83%
15 DF Russia Vyacheslav Karavaev
83%
8 MF Brazil Wendel
83%
5 MF Colombia Wilmar Barrios
83%
7 FW Russia Aleksandr Sobolev
75%
16 GK Russia Denis Adamov
75%
1 GK Russia Evgeniy Latyshonok
75%
30 FW Colombia Mateo Cassierra
75%
25 DF Serbia Strahinja Eraković
75%
6 DF Slovenia Vanja Drkušić
75%
32 FW Argentina Luciano Gondou
67%
67 FW Russia Maksim Glushenkov
67%
41 GK Russia Mikhail Kerzhakov
67%
27 DF Brazil Nino
67%
24 FW Brazil Pedro
67%
17 FW Russia Andrey Mostovoy
58%
9 FW Brazil Artur
58%
31 FW Brazil Gustavo Mantuan
58%
11 FW Brazil Luiz Henrique
58%
4 DF Russia Yuriy Gorshkov
58%
21 MF Russia Aleksandr Erokhin
50%
70 DF Serbia Ognjen Mimović
50%
55 DF Brazil Rodrigão
50%
82 DF Russia Sergey Volkov
50%
2 DF Russia Dmitriy Chistyakov
42%
14 MF Serbia Saša Zdjelar
42%
77 MF Russia Ilzat Akhmetov
25%
79 MF Russia Dmitriy Vasiljev
17%
13 GK Russia Nikita Goylo
17%
No matching quizzes found
Score Distribution
Percent of People with Each Score
Percentile by Number Answered
Your Score History
You have not taken this quiz